|
|
|
|
| LEADER |
01151nam a2200217 a 4500 |
| 001 |
00026723 |
| 008 |
130322r2011 enka 000 0 eng d |
| 020 |
|
|
|a 9788122431537
|
| 040 |
|
|
|a DLC
|c DLC
|d DLC
|d BD-DhAAL
|
| 082 |
0 |
0 |
|a 428.0076
|2 22
|
| 100 |
1 |
|
|a Loungheed, Lin.
|
| 245 |
1 |
0 |
|a Barron's IELTS :
|b international English language testing system /
|c Lin Loungheed.
|
| 250 |
|
|
|a 2nd ed.
|
| 260 |
|
|
|a New Delhi :
|b New Age Intenational,
|c 2011
|
| 300 |
|
|
|a vi, 412 p. :
|b ill. ;
|c 24 cm.+ 2 computer optical disc (4 3/4 in.) .
|
| 541 |
|
|
|e 00026723
|
| 650 |
|
0 |
|a Test of English as a Foreign Language
|x Study guides.
|
| 852 |
1 |
|
|a Ayesha Abed Library
|c General shelf.
|
| 999 |
|
|
|c 13260
|d 13260
|
| 952 |
|
|
|0 0
|1 0
|2 ddc
|4 0
|6 428_007600000000000_LOU
|7 0
|9 22072
|a BRACUL
|b BRACUL
|c GEN
|d 2013-03-23
|e Karim International
|g 750.00
|l 13
|m 60
|o 428.0076 LOU
|p 3010026723
|q 2026-05-21
|r 2026-05-17
|s 2026-05-17
|t 1
|w 2013-03-23
|y BK
|x Transferred from BIL to BRACUL on 06/06/22
|
| 952 |
|
|
|0 0
|1 0
|2 ddc
|4 0
|6 428_007600000000000_LOU
|7 0
|9 22095
|a BRACUL
|b BRACUL
|c GEN
|d 2013-03-24
|e Karim International
|l 0
|o 428.0076 LOU
|p 4010026723
|r 2013-03-24
|t 1
|w 2013-03-24
|y AV
|x Transferred from BIL to BRACUL on 06/06/22
|